• 首页
  • 本馆介绍
  • 公告通知
  • 最新文献
  • 馆藏检索
  • 电子资源
  • 读者导购
  • 参考咨询
  • 我的图书馆
  • 登录
  • 详细信息显示
  • 放入我的书架
  • 预约/预借图书
  • 作者相关作品
  • 分类相关作品
  • 丛书相关作品
  • 出版社相关作品

书目信息

  • 表格格式
  • 工作单格式
  • 卡片格式
题名:
心理咨询面谈技术
    
 
作者: 萨默斯-弗拉纳根 , 萨默斯-弗拉纳根 著 ;陈祉妍 , 江兰 , 黄峥 译
分册:  
出版信息: 北京   中国轻工业出版社  2014
页数: 13,614页
开本: 24cm
丛书名:
单 册:
中图分类: B849.1
科图分类:
主题词: 心理咨询--研究 , 心理咨询
电子资源:
ISBN: 978-7-5019-9575-2
000 01283nam0 2200313 450
001 1544
005 20180522130344.03
010    @a978-7-5019-9575-2@dCNY80.00
090    @aB849@bsms
100    @a20140429d2014 em y0chiy50 ea
101 1  @achi@ceng
102    @aCN@b110000
105    @ay z 000yy
200 1  @a心理咨询面谈技术@9xin li zi xun mian tan ji shu@dClinical interviewing@f(美)John Sommers-Flanagan,(美)Rita Sommers-Flanagan著@g陈祉妍,江兰,黄峥译@zeng
210    @a北京@c中国轻工业出版社@d2014
215    @a13,614页@d24cm
305    @a据原书第4版译出
330    @a本书囊括了心理咨询初学者所需要了解的关于面谈的一切事情:从临床面谈的基本理论到各种实践技术,从非指导性的技术到各种高级的指导性技术,从一般的面谈过程和阶段到与特殊群体的面谈等,更有大量的实际案例与临床趣闻。
510 1  @aClinical interviewing@zeng
606 0  @a心理咨询@x研究
606 0  @a心理咨询
690    @aB849.1@v5
701  0 @c(美)@a萨默斯-弗拉纳根@9sa mo si - fu la na gen@c(Sommers-Flanagan, John)@4著
701  0 @c(美)@a萨默斯-弗拉纳根@9sa mo si - fu la na gen@c(Sommers-Flanagan, Rita)@4著
702  0 @a陈祉妍@9chen zhi yan@c(女)@4译
702  0 @a江兰@9jiang lan@4译
702  0 @a黄峥@9huang zheng@4译
801  0 @aCN@bNLC@c20140429
905    @aMuseLib@dB849.1@e2217
    
    心理咨询面谈技术=Clinical interviewing/(美)John Sommers-Flanagan,(美)Rita Sommers-Flanagan著/陈祉妍,江兰,黄峥译.-北京:中国轻工业出版社,2014
    13,614页;24cm
    
    
    ISBN 978-7-5019-9575-2:CNY80.00
    本书囊括了心理咨询初学者所需要了解的关于面谈的一切事情:从临床面谈的基本理论到各种实践技术,从非指导性的技术到各种高级的指导性技术,从一般的面谈过程和阶段到与特殊群体的面谈等,更有大量的实际案例与临床趣闻。
●
相关链接 在E读中查询图书 在五车中查询图书 在当当中查询图书 在豆瓣中查询图书


正题名:心理咨询面谈技术     索取号:B849.1/2217         预约/预借

序号 登录号 条形码 馆藏地/架位号 状态 备注
1 1105149   211051494   第一样本阅览室/ [索取号:B849.1/2217] 在馆    
2 1105150   211051500   教育系资料室/ [索取号:B849.1/2217] 已借出,限还日期为2025.06.03
借出人:刘祎凡  
 
3 1105151   211051519   教育系资料室/ [索取号:B849.1/2217] 在馆    
4 1105152   211051528   教育系资料室/ [索取号:B849.1/2217] 在馆    
5 1105153   211051537   第一借阅区/ [索取号:B849.1/2217] 在馆    
6 1105154   211051546   第一借阅区/ [索取号:B849.1/2217] 在馆    
唐山师范学院图书馆 欢迎您!
大连网信软件有限公司© 版权所有